El teórico accidental y otras noticias de la ciencia lúgubre / (Registro nro. 5352)
[ vista simple ]
| 000 -LEADER | |
|---|---|
| fixed length control field | 01375nam a2200325Ia 4500 |
| 003 - CONTROL NUMBER IDENTIFIER | |
| control field | OSt |
| 005 - DATE AND TIME OF LATEST TRANSACTION | |
| control field | 20200611103052.0 |
| 008 - FIXED-LENGTH DATA ELEMENTS--GENERAL INFORMATION | |
| fixed length control field | 191128t1988 sp fr 000 0 spa d |
| 020 ## - INTERNATIONAL STANDARD BOOK NUMBER | |
| International Standard Book Number | 8474239524 |
| 040 ## - CATALOGING SOURCE | |
| Original cataloging agency | CO-JMCR |
| Transcribing agency | CO-JMCR |
| 041 1# - LANGUAGE CODE | |
| Language code of text/sound track or separate title | spa |
| Language code of original | eng |
| 082 04 - DEWEY DECIMAL CLASSIFICATION NUMBER | |
| Classification number | 330.02 / |
| Item number | K783t |
| Edition number | 23 |
| 100 1# - MAIN ENTRY--PERSONAL NAME | |
| Personal name | Krugman, Paul, |
| Relator term | autor |
| 9 (RLIN) | 825 |
| 245 13 - TITLE STATEMENT | |
| Title | El teórico accidental y otras noticias de la ciencia lúgubre / |
| Statement of responsibility, etc. | Paul Krugman ; traducción castellana Jordi Pascual |
| 260 ## - PUBLICATION, DISTRIBUTION, ETC. | |
| Place of publication, distribution, etc. | Barcelona : |
| Name of publisher, distributor, etc. | Crítica, |
| Date of publication, distribution, etc. | 1988 |
| 300 ## - PHYSICAL DESCRIPTION | |
| Extent | 194 páginas ; |
| Dimensions | 24 cm. |
| 490 0# - SERIES STATEMENT | |
| Series statement | Letras de crítica |
| 505 0# - FORMATTED CONTENTS NOTE | |
| Formatted contents note | Empleos, empleos, empleos -- Errores derechistas -- Globalización y globachorradas -- Ilusiones de crecimiento -- El baile de los esculadores -- Más allá del mercado |
| 520 ## - SUMMARY, ETC. | |
| Summary, etc. | Paul Krugman escribe mejor que ningún otro economista desde John Maynard Keynes, dice Rob Norton en la revista Fortune. Y es verdad: asombra la pasmosa facilidad con la que este profesor del Massachusets. |
| 534 ## - ORIGINAL VERSION NOTE | |
| Introductory phrase | The accidental theorist |
| 546 ## - LANGUAGE NOTE | |
| Language note | Traducido del inglés |
| 650 14 - SUBJECT ADDED ENTRY--TOPICAL TERM | |
| Topical term or geographic name entry element | Economía |
| 9 (RLIN) | 5480 |
| 650 14 - SUBJECT ADDED ENTRY--TOPICAL TERM | |
| Topical term or geographic name entry element | Teoría económica |
| 9 (RLIN) | 5481 |
| 650 14 - SUBJECT ADDED ENTRY--TOPICAL TERM | |
| Topical term or geographic name entry element | Globalización |
| 9 (RLIN) | 5482 |
| 650 14 - SUBJECT ADDED ENTRY--TOPICAL TERM | |
| Topical term or geographic name entry element | Desarrollo económico |
| 9 (RLIN) | 5483 |
| 650 14 - SUBJECT ADDED ENTRY--TOPICAL TERM | |
| Topical term or geographic name entry element | Crisis económica |
| 9 (RLIN) | 5484 |
| 650 14 - SUBJECT ADDED ENTRY--TOPICAL TERM | |
| Topical term or geographic name entry element | Especulaciones mercantiles |
| 9 (RLIN) | 5485 |
| 700 1# - ADDED ENTRY--PERSONAL NAME | |
| Personal name | Pascual, Jordi, |
| Relator term | traductor |
| 9 (RLIN) | 5486 |
| 942 ## - ADDED ENTRY ELEMENTS (KOHA) | |
| Source of classification or shelving scheme | Dewey Decimal Classification |
| Koha item type | Books |
| Withdrawn status | Lost status | Source of classification or shelving scheme | Damaged status | Not for loan | Collection code | Home library | Current library | Date acquired | Source of acquisition | Cost, normal purchase price | Total Checkouts | Full call number | Barcode | Date last seen | Copy number | Koha item type |
|---|---|---|---|---|---|---|---|---|---|---|---|---|---|---|---|---|
| Dewey Decimal Classification | Non-fiction | Biblioteca Pública José María del Castillo y Rada | Biblioteca Pública José María del Castillo y Rada | 04/15/2018 | Donación | 0.00 | 330.02 / K783t | 430001745 | 05/16/2024 | Ej.1 | Books |